LIBRARY ONLINE CATALOGUE

Leadership and economic crisis in Africa / (Record no. 13814)

MARC details
000 -LEADER
fixed length control field 00709cam a22002292 4500
001 - CONTROL NUMBER
control field 0000021316
005 - DATE AND TIME OF LATEST TRANSACTION
control field 20151217155909.0
008 - FIXED-LENGTH DATA ELEMENTS--GENERAL INFORMATION
fixed length control field 120314s xx 000 0 eng d
020 ## - INTERNATIONAL STANDARD BOOK NUMBER
International Standard Book Number 9966447135 :
040 ## - CATALOGING SOURCE
Original cataloging agency KABU
Transcribing agency KABU
100 1# - MAIN ENTRY--PERSONAL NAME
Personal name Ochola, Samuel Agonda.
-- 0000182131
245 10 - TITLE STATEMENT
Title Leadership and economic crisis in Africa /
Statement of responsibility, etc. Samuel Agonda Ochola.
250 ## - EDITION STATEMENT
Edition statement 1st ed.
260 ## - PUBLICATION, DISTRIBUTION, ETC. (IMPRINT)
Place of publication, distribution, etc. Nairobi :
Name of publisher, distributor, etc. KLB,
Date of publication, distribution, etc. 2007.
300 ## - PHYSICAL DESCRIPTION
Extent xv, 448 p.
650 #0 - SUBJECT ADDED ENTRY--TOPICAL TERM
Topical term or geographic name as entry element Leadership
Geographic subdivision Africa.
-- 0000170353
650 #0 - SUBJECT ADDED ENTRY--TOPICAL TERM
Topical term or geographic name as entry element Financial crises
Geographic subdivision Africa.
-- 0000182132
651 #0 - SUBJECT ADDED ENTRY--GEOGRAPHIC NAME
Geographic name Africa.
General subdivision Econmic policy.
-- 0000182140
852 1# - LOCATION
-- p980 KES
908 ## - PUT COMMAND PARAMETER (RLIN)
Put command parameter 120314
950 ## - LOCAL HOLDINGS (RLIN)
-- 1
Holdings
Withdrawn status Lost status Source of classification or shelving scheme Not for loan Home library Current library Date acquired Total Checkouts Full call number Barcode Date last seen Price effective from Koha item type
    Library of Congress Classification   Kabarak, Main Campus Kabarak, Main Campus 17/12/2015   HD57.7 .O24 2007 c.1 20732 17/12/2015 17/12/2015 Africana Collection